نظام روما الأساسي / (Record no. 70965)
[ view plain ]
| 000 -LEADER | |
|---|---|
| fixed length control field | 01818nam a2200325 4500 |
| 003 - CONTROL NUMBER IDENTIFIER | |
| control field | EG-GICUC |
| 005 - DATE AND TIME OF LATEST TRANSACTION | |
| control field | 20260414165502.0 |
| 008 - FIXED-LENGTH DATA ELEMENTS--GENERAL INFORMATION | |
| fixed length control field | 260414s2007 ne ||||fr|||| 000 0 ara d |
| 020 ## - INTERNATIONAL STANDARD BOOK NUMBER | |
| International Standard Book Number | 92-9227-064-8 |
| 040 ## - CATALOGING SOURCE | |
| Original cataloging agency | EG-GICUC |
| Language of cataloging | ara |
| Transcribing agency | EG-GICUC |
| Modifying agency | EG-GICUC |
| Description conventions | rda |
| 041 0# - LANGUAGE CODE | |
| Language code of text/sound track or separate title | ara |
| 082 04 - DEWEY DECIMAL CLASSIFICATION NUMBER | |
| Edition number | 21 |
| Classification number | 343.5045 |
| Item number | م ح . ن |
| 092 04 - LOCALLY ASSIGNED DEWEY CALL NUMBER (OCLC) | |
| Edition number | 21 |
| 099 ## - LOCAL FREE-TEXT CALL NUMBER (OCLC) | |
| Classification number | Law1 10 343.5045 م ح . ن [2007] |
| 110 1# - MAIN ENTRY--CORPORATE NAME | |
| Corporate name or jurisdiction name as entry element | لاهاي. |
| Subordinate unit | المحكمة الجنائية الدولية. |
| 245 10 - TITLE STATEMENT | |
| Title | نظام روما الأساسي / |
| Statement of responsibility, etc. | للمحكمة الجنائية الدولية |
| 264 #1 - PRODUCTION, PUBLICATION, DISTRIBUTION, MANUFACTURE, AND COPYRIGHT NOTICE | |
| Place of production, publication, distribution, manufacture | لاهاي : |
| Name of producer, publisher, distributor, manufacturer | المحكمة الجنائية الدولية، |
| Date of production, publication, distribution, manufacture, or copyright notice | 2007. |
| 300 ## - PHYSICAL DESCRIPTION | |
| Extent | 94 صفحة ؛ |
| Dimensions | 24 سم. |
| Other physical details | إيضاحيات، صور، مثيليات ؛ |
| 336 ## - CONTENT TYPE | |
| Source | rda content |
| Content type term | text |
| 337 ## - MEDIA TYPE | |
| Source | rda media |
| Media type term | Computer |
| 338 ## - CARRIER TYPE | |
| Source | rda carrier |
| Carrier type term | Online Resource |
| 504 ## - BIBLIOGRAPHY, ETC. NOTE | |
| Bibliography, etc. note | . 240-220 ببليوجرافيا: صفحات. |
| 505 ## - FORMATTED CONTENTS NOTE | |
| Formatted contents note | يتضمن هذا المجلد نظام روما الأساسي المعمم بوصفه الوثيقة 183/9.A/CONF المؤرخة ١٧ تموز / يوليه ۱۹۹۸ ، والمصوّب بموجب المحاضر المؤرخة ١٠ تشرين الثاني / نوفمبر ۱۹۹۸، و ۱۲ تموز / يوليه ۱۹۹۹، و ۳۰ تشرين الثاني / نوفمبر ۱۹۹۹ ، و ۸ أيار / مايو ۲۰۰۰ ، و ۱۷ كانون الثاني / يناير ۲۰۰۱ ، و ١٦ كانون الثاني / يناير ۲۰۰۲ . ودخل النظام الأساسي حيز النفاذ في 1 تموز / يوليه ۲۰۰۲. |
| 546 ## - LANGUAGE NOTE | |
| Language note | النص باللغة العربية |
| 650 1# - SUBJECT ADDED ENTRY--TOPICAL TERM | |
| Topical term or geographic name entry element | القانون الجنائي الدولي. |
| Source of heading or term | qrmak |
| 651 1# - SUBJECT ADDED ENTRY--GEOGRAPHIC NAME | |
| Source of heading or term | qrmak |
| 856 40 - ELECTRONIC LOCATION AND ACCESS | |
| Uniform Resource Identifier | <a href="https://fll.law.cu.edu.eg/fulltext/bks/B10-09329.pdf">https://fll.law.cu.edu.eg/fulltext/bks/B10-09329.pdf</a> |
| 905 ## - Cataloger and Reviser Names | |
| Cataloger Name: | Omar |
| 942 ## - ADDED ENTRY ELEMENTS (KOHA) | |
| Source of classification or shelving scheme | Dewey Decimal Classification |
| Suppress in OPAC | No |
| Koha item type | Books |
| Edition | 21 |
| Withdrawn status | Lost status | Source of classification or shelving scheme | Damaged status | Not for loan | Collection | Home library | Current library | Date acquired | Total checkouts | Full call number | Barcode | Date last seen | Copy number | Price effective from | Koha item type |
|---|---|---|---|---|---|---|---|---|---|---|---|---|---|---|---|
| Dewey Decimal Classification | Not for loan | القانون الجنائي | جــــامعة القــاهرة | مكتبة كلية الحقوق - المبنى الرئيسي | 14.04.2026 | Law1 10 343.5045 م ح . ن [2007] 1009329 C1 | B10-09329 | 14.04.2026 | 1 | 14.04.2026 | Books |